Catálogo
 En Linea

Los increibles cuentos de Saki / (Registro nro. 23917)

Detalles MARC
000 -CABECERA
campo de control de longitud fija 00791nam a2200217 a 4500
001 - NÚMERO DE CONTROL
campo de control 000024424
005 - FECHA Y HORA DE LA ÚLTIMA TRANSACCIÓN
campo de control 20200930023152.0
008 - DATOS DE LONGITUD FIJA--INFORMACIÓN GENERAL
campo de control de longitud fija 110127s1967 mx r 000 0 spa d
040 ## - FUENTE DE LA CATALOGACIÓN
Centro catalogador/agencia de origen DO-SdBNP
Lengua de catalogación spa
Centro/agencia transcriptor BNPHU
082 ## - NÚMERO DE LA CLASIFICACIÓN DECIMAL DEWEY
Número de clasificación xxxxxx
Número de documento/Ítem S158i
049 ## - FONDOS LOCALES (OCLC)
Fondos de biblioteca BNGR
100 1# - ENTRADA PRINCIPAL--NOMBRE DE PERSONA
Nombre de persona Saki,
Fechas asociadas al nombre 1870-1916,
Forma completa/desarrollada del nombre Munro, Hector Hugh.
9 (RLIN) 50062
245 14 - MENCIÓN DE TÍTULO
Título Los increibles cuentos de Saki /
Mención de responsabilidad, etc. introducción Richard Corbin , Ned Hoopes ; traducción Rafael Mireles.
260 ## - PUBLICACIÓN, DISTRIBUCIÓN, ETC.
Lugar de publicación, distribución, etc. México, D. F. :
Nombre del editor, distribuidor, etc. Navarro,
Fecha de publicación, distribución, etc. 1967.
300 ## - DESCRIPCIÓN FÍSICA
Extensión 222 p. ;
Dimensiones 16.5 cm.
500 ## - NOTA GENERAL
Nota general Incluye referencia biográfica del autor.
534 ## - NOTA SOBRE LA VERSIÓN ORIGINAL
Frase introductoria Título original.
Mención de título del original Incredible tales of Saki.
Publicación, distribución, etc. del original Nueva York : Dell Publishing, 1966.
700 1# - PUNTO DE ACCESO ADICIONAL--NOMBRE DE PERSONA
Nombre de persona Corbin, Richard
9 (RLIN) 50063
700 1# - PUNTO DE ACCESO ADICIONAL--NOMBRE DE PERSONA
Nombre de persona Hoopes, Ned
9 (RLIN) 50064
700 1# - PUNTO DE ACCESO ADICIONAL--NOMBRE DE PERSONA
Nombre de persona Mireles, Rafael,
Término indicativo de función/relación tr.
9 (RLIN) 48753
Existencias
Estado de retiro Estado de pérdida Restricciones de uso No para préstamo Código de colección Localización permanente Ubicación/localización actual Ubicación en estantería Fecha de adquisición Número de inventario Total de préstamos Signatura topográfica completa Código de barras Fecha visto por última vez Precio válido a partir de Tipo de ítem Koha
        Monografías: Libros y Folletos General General En catalogación 27.01.2011 LF1   xxxxxx S158i 24424-10 25.06.2020 25.06.2020 Préstamo en sala

Con tecnología Koha